LIBRARY & INFORMATION CENTRE, KCAET, TAVANUR

ONLINE PUBLIC ACCESS CATALOGUE (OPAC)

Oxford Book of Light Verse / (Record no. 5854)

MARC details
000 -LEADER
fixed length control field 00267cam a2200109ua 4500
082 ## - DEWEY DECIMAL CLASSIFICATION NUMBER
Classification number 821
Item number AUD/OX
100 ## - MAIN ENTRY--AUTHOR NAME
Personal name Auden, W H .
245 ## - TITLE STATEMENT
Title Oxford Book of Light Verse /
260 ## - PUBLICATION, DISTRIBUTION, ETC. (IMPRINT)
Place of publication London :
Name of publisher Oxford University Press ,
Year of publication 1962.
300 ## - PHYSICAL DESCRIPTION
Number of Pages 533 ; .
942 ## - ADDED ENTRY ELEMENTS (KOHA)
Koha item type Books
Holdings
Withdrawn status Lost status Damaged status Home library Current library Date acquired Full call number Accession Number Koha item type
Withdrawn     Malayalam University KAUAET 07/04/2012 821 5081 Books
free website counter